01161nam a2200289 i 45000010005000000030009000050050017000140080039000310150017000700400035000870410013001220800008001351000062001432450173002052460050003782600056004283000034004843800017005185040012005356500031005477000046005787000031006247000044006557100042006997000033007418560097007748169KOSZ 00520201105085205.0080731s1956 pl a f 001 0 pol aPB 1956/3778 aWA NcKOSZ 005/RWdKOSZ 005/RW1 apolhrus a5171 aStepanov, Vâčeslav Vasil'evičd(1899-1950).eAutor.10aRównania różniczkowe /cW. W. Stiepanow ; wyd. pol. oprac. i przypisami uzupełnił Tadeusz Ważewski ; [z ros. tł. Abraham Goetz, Stefan Drobot, Roman Hampel].1 iTyt. oryg.:aKurs differencial'nyh uravnenij. aWarszawa :bPaństwowe Wydawnictwo Naukowe,c1956. a498 s. :bil., err. ;c25 cm. aKsiążki. aIndeks. 4aRównania różniczkowe1 aWażewski, Tadeuszd(1896-1972).eOprac.1 aHampel, Romand(1907-1963)1 aDrobot, Stefand(1913- ).eTłumaczenie2 aPaństwowe Wydawnictwo Naukowe4pbl.1 aGoetz, AbrahameTłumaczenie uhttp://koha.tu.koszalin.pl/cgi-bin/koha/opac-detail.pl?biblionumber=8169yKatalog online BPK